000 00314nam a22001337a 4500
008 170817b xxu||||| |||| 00| 0 eng d
020 _a9780716736523
041 _aeng
080 _22ND
_a51
100 _a36
101 _aMAT
245 _aDISCRETE MATHEMATICS THROUGH APPLICATIONS
_cCRISLER,N
942 _2udc
_cBK
999 _c23885
_d23885